GMMTV 2026 - Statistics

General Stats
  • This quiz has been taken 155 times
    23 since last reset
  • The average score is 19 of 33
Answer Stats
Hint Answer % Correct
Billionaire Biker AouBoom
94%
You Manic WilliamEst
94%
When Oranges Fall AlmondProgress
88%
The Spooky Love Tale PerthSanta/MondRyu
88%
Plan B to U BounPrem
81%
Gunshot OffGun
81%
The Invisible Dragon FirstKhaotung
75%
How To Survive My CEO JoongDunk
75%
Lovers and Gangsters ForceBook/GreatBright
69%
Twenty-One 21% JuniorMark
69%
Roommate Chaos MarkOhm/SurfJava/SaveFranc
69%
Replay TayNew/PondPhuwin/JossGawin
69%
Kiss Me, Remember BarcodeKin
63%
17th Spring ChokunAston
63%
Cupid's Ghost EarthMix/OhmPoon
63%
I Will Always Save You JimmySea
63%
Good Boy Series LukeMick
63%
Ditto MilkLove
63%
Weirdo101 SeaKeen
63%
Mr. Kill Dew-Tee
56%
Write You Again KristSingto
56%
My Professional Boyfriend WinnySatang
56%
Love of Siam GeminiFourth
50%
Arrest and Action Sky-Nani
44%
Match Point TeshowPing
44%
Moonshadow EmiBonnie
38%
Unlucky Bae ThamMac/AunStamp
38%
Wish Upon a Star PahnFond
31%
Bake Love Feeling ViewMim
31%
Enemies with Benefits JanJingJing/KapookCiize
25%
Love's Echo JuneMewnich
19%
Her NamtamFilm
13%
Oxytoxin WaifaTonkhaw
0%
No matching quizzes found
Score Distribution
Percent of People with Each Score
Percentile by Number Answered
Your Score History
You have not taken this quiz since the last reset